| 000 | 00521nam a2200193Ia 4500 | ||
|---|---|---|---|
| 005 | 20231122120834.0 | ||
| 008 | 131103s9999 xx 000 0 und d | ||
| 040 | _aLoreto College | ||
| 041 | _aEnglish | ||
| 082 |
_a327 _bJAI |
||
| 100 | _aJaipal, Rikhi | ||
| 245 |
_aBalance of power in the nuclear age _cRikhi Jaipal |
||
| 260 |
_aAhmedabad _bAllied Pub _c1989 |
||
| 300 | _a208p | ||
| 504 | _aIncludes bibliographical reference and index | ||
| 650 | _aInternational Relations | ||
| 850 | _aLCLIB | ||
| 942 | _cBK | ||
| 999 |
_c17271 _d67750 |
||